000 00880nam a2200277Ia 4500
005 20210727153011.0
008 121119s2000 ck a gr 000 p spa
020 _a9583007293
041 0 _aspa
100 1 _aChericián, David,
_d1940-2002
245 1 0 _aIlógico zoológico
_cDavid Chericián ; ilustración, Rocío Parra Parra
250 _aPrimera edición
264 1 _aBogotá
_bPanamericana
_c2000
300 _a56 páginas
_bilustraciones a color
_c17 cm.
336 _atexto
_btxt
_2rdacontent
337 _asin mediación
_bn
_2rdamedia
338 _avolumen
_bnc
_2rdacarrier
490 0 _aQue pase el tren
650 1 4 _2LEMB
_aLiteratura cubana
650 1 4 _2LEMB
_aPoesía infantil cubana
650 1 4 _2LEMB
_aAnimales
_vPoesía
700 1 _aParra Parra, Rocío
_eilustrador
942 _2loc
_cBKLIT
040 _aCO-BoRNBP
_bspa
_erda
_cCO-BoRNBP
084 _aP CHE2
999 _c665
_d665